000
00306nam a2200121Ia 4500
008
190216s9999||||xx |||||||||||||| ||und||
100
_a
Lawrence D Schall & Charls W Haley
245
0
_a
Introduction To Financial Management
260
_b
Null
_c
1979
300
_a
322p
650
_a
Commerce
942
_c
BK
999
_c
5455
_d
5455